Derecho y Feminismos. 1º Encuentro nacional de Abogadas Feministas en Chile ENAFEM.

Guardado en:
Detalles Bibliográficos
Autor principal: Guerrero Martínez, Camila (editora)
Otros Autores: Troncoso Zuñiga, Camila (editora), Fernández Rojas, Natalia (editora)
Formato: Desconocido
Lenguaje:inglés
Publicado: Santiago, Chile: Rubicón Editores; Asociación de Abogadas Feministas, 2022.
Edición:1ª edición
Colección:Colección Derecho y Género
Materias:
Etiquetas: Agregar Etiqueta
Sin Etiquetas, Sea el primero en etiquetar este registro!

MARC

LEADER 00000 a2200000 4500
003 CL-VaPUC
005 20220824112207.0
008 220609b2022 ||||| |||| 00| 0 eng d
999 |c 435900  |d 435898 
020 |a 978-956-9947-52-0 
040 |c Pontificia Universidad Católica de Valparaíso 
082 0 4 |2 22  |a 305.43340 GUE 2022  
100 1 |a Guerrero Martínez, Camila  |9 870428  |e editora 
245 1 0 |a Derecho y Feminismos.  |b 1º Encuentro nacional de Abogadas Feministas en Chile ENAFEM. 
250 |a 1ª edición 
260 |a Santiago, Chile:  |b Rubicón Editores;  |b Asociación de Abogadas Feministas,  |c 2022. 
300 |a 306 páginas. 
490 0 |a Colección Derecho y Género 
583 |k Cristina María Rojas Aguilar  |c 20220609 
650 1 |a Mujeres abogadas  |z Chile  |x Encuentros profesionales  |9 874619 
650 1 |a Feminismo y derecho  |z Chile  |x Encuentros profesionales  |9 874620 
650 1 |a Derechos sexuales y reproductivos  |9 874621  |x Feminismo 
650 1 |a Violencia contra la mujer  |x Derecho penal chileno  |9 874622 
650 1 |a Violencia de género  |x Derecho procesal chileno  |9 874623 
650 1 |a Teoría jurídica  |x Feminismo  |9 874624 
700 |a Troncoso Zuñiga, Camila  |e editora  |9 870779 
700 |a Fernández Rojas, Natalia  |e editora  |9 870780 
942 |2 ddc  |c BK 
952 |0 0  |1 0  |2 ddc  |4 0  |6 305_433400000000000_GUE_2022  |7 0  |8 A  |9 583718  |a BIBDER  |b BIBDER  |c GEN  |d 2022-06-15  |e 22  |g 36500.00  |i 5651847  |l 1  |o 305.43340 GUE 2022  |p 5651847  |r 2023-01-25  |s 2022-10-14  |t 1  |v 36500.00  |w 2022-06-15  |y BK  |k DER